Merlín el mago / (Registro nro. 15001)

Detalles MARC
000 -LIDER
fixed length control field 00860nam a22002417a 4500
003 - IDENTIFICACDOR DE NÚMERO DE CONTROL
control field DO-SdBPM
005 - DATE AND TIME OF LATEST TRANSACTION
control field 20250313124106.0
008 - ELEMENTOS DE LONGITUD FIJA
fixed length control field 151117b2007 cl |||| 00| 0 spa d
020 ## - ISBN
International Standard Book Number 9789583009273
040 ## - FUENTE DE CATALOGACIÓN
Agencia que crea de manera original el registro DO-SdBPM
Idioma de catalogación spa
Agencia que realiza la transcripción BPMSU
082 #4 - NÚMERO DE CLASIFICACIÓN DECIMAL DE DEWEY
Classification number 823.91
Item number M565m 2007
Edition number 22
245 00 - MENCIÓN DE TITULO
Título Merlín el mago /
Mención de responsabilidad Anónimo ; ilustraciones Carlos Manuel Díaz Consuegra.
260 ## - PUBLICACIÓN, DISTRIBUCIÓN, ETC. (PIE DE IMPRENTA)
Lugar de publicación, distribución, etc Bogotá, Colombia :
Nombre del editor, distribuidor, etc. Panamericana Formas e Impresos,
Fecha de publicación, distribución, etc 2007
300 ## - DESCRIPCIÓN FÍSICA
Extensión varias paginaciones . :
Otros detalles físicos ilustraciones ;
Dimensiones 27 cm.
490 0# - MENCIÓN DE SERIES
Mención de serie Biblioteca del cuento
Volume/sequential designation
500 ## - NOTA GENERAL
Nota general Incluye datos biográficos del autor.
590 ## - NOTA LOCAL
Texto de la nota local Inventariado, 2025/VM
650 #4 - ENCABEZAMIENTO DE MATERIA--TEMÁTICO
Término temático o nombre geográfico como elemento de entrada Cuentos infantiles daneses
650 #4 - ENCABEZAMIENTO DE MATERIA--TEMÁTICO
Término temático o nombre geográfico como elemento de entrada Libros ilustrados para niños
700 1# - ASIENTO SECUNDARIO -- NOMBRE PERSONAL
Nombre personal Díaz Consuegra, Carlos Manuel,
Mención de responsabilidad ilustración
910 ## - VALIDACIÓN
Validación VMateo V. Control de calidad. BPMSU
942 ## - ADDED ENTRY ELEMENTS (KOHA)
Source of classification or shelving scheme Dewey Decimal Classification
Koha item type Libros
Existencias
Withdrawn status Lost status Source of classification or shelving scheme Damaged status Not for loan Collection code Home library Current library Date acquired Total Checkouts Full call number Barcode Date last seen Price effective from Koha item type
    Dewey Decimal Classification     Colección Infantil General Biblioteca Pública Metropolitana Salomé Ureña Biblioteca Pública Metropolitana Salomé Ureña 03/13/2025   BPMSU CGI 823.91 M565m 2007 BPMSU25030086 03/13/2025 03/13/2025 Libros